[Event "Stuttgart-chB int"]
[Site "Ditzingen"]
[Date "2006.05.27"]
[Round "5"]
[White "Cummings, Orlyn"]
[Black "Fumy, Juergen"]
[Result "1/2-1/2"]
[WhiteElo "1236"]
[BlackElo "1495"]
[PlyCount "43"]
[EventDate "2006.05.25"]
[EventType "swiss"]
[EventRounds "7"]
[EventCountry "GER"]
[SourceTitle "EXT 2018"]
[Source "ChessBase"]
[SourceDate "2017.10.13"]
[SourceVersion "1"]
[SourceVersionDate "2017.10.13"]
[SourceQuality "1"]

1. e4 b6 2. Nc3 Bb7 3. d3 Nf6 4. Nf3 e6 5. Be2 Nc6 6. a3 g6 7. 0-0 Bg7 8. Bg5 0-0 9. e5 Nxe5 10. Nxe5 d5 11. Ng4 h5 12. Nxf6+ Bxf6 13. Bxf6 Qxf6 14. Bf3 c5 15. Rb1 Bc6 16. Re1 Kg7 17. Ne2 h4 18. h3 g5 19. Qd2 Qg6 20. Nc3 f5 21. Re5 g4 22. hxg4 1/2-1/2

[Event "Stuttgart-chB int"]
[Site "Ditzingen"]
[Date "2006.05.25"]
[Round "2"]
[White "Fumy, Juergen"]
[Black "Obergfaell, Christian"]
[Result "0-1"]
[WhiteElo "1495"]
[BlackElo "1220"]
[PlyCount "74"]
[EventDate "2006.05.25"]
[EventType "swiss"]
[EventRounds "7"]
[EventCountry "GER"]
[SourceTitle "EXT 2018"]
[Source "ChessBase"]
[SourceDate "2017.10.13"]
[SourceVersion "1"]
[SourceVersionDate "2017.10.13"]
[SourceQuality "1"]

1. e4 c5 2. Nc3 Nc6 3. f4 e6 4. Nf3 a6 5. d4 cxd4 6. Nxd4 Qb6 7. Nxc6 bxc6 8. Bd3 Bc5 9. Rf1 Ne7 10. g4 Ng6 11. Na4 Qb4+ 12. c3 Qa5 13. b4 Bxb4 14. cxb4 Qxb4+ 15. Bd2 Qe7 16. g5 Qd6 17. Qc2 Qd4 18. Rb1 Nh4 19. Ke2 Rg8 20. Rb4 Qd6 21. Rfb1 f6 22. e5 fxe5 23. Bxh7 Rh8 24. Bg6+ Nxg6 25. Qxg6+ Kf8 26. Rh1 Qd5 27. Qe4 exf4 28. Bxf4 Qxa2+ 29. Rb2 Qd5 30. Qb4+ Kg8 31. Rf1 a5 32. Qe7 Ba6+ 33. Ke3 Qd3+ 34. Kf2 Qxf1+ 35. Ke3 Qd3+ 36. Kf2 Qd4+ 37. Kg3 g6 0-1